| 000 -CABECERA |
| campo de control de longitud fija |
00776nam a2200229 a 4500 |
| 001 - NÚMERO DE CONTROL |
| campo de control |
000079317 |
| 005 - FECHA Y HORA DE LA ÚLTIMA TRANSACCIÓN |
| campo de control |
20200120224326.0 |
| 008 - DATOS DE LONGITUD FIJA--INFORMACIÓN GENERAL |
| campo de control de longitud fija |
150716s2015 ck o g | 000 | spa d |
| 020 ## - NÚMERO INTERNACIONAL ESTÁNDAR DEL LIBRO |
| Número Internacional Estándar del Libro |
9789589951323. |
| 041 0# - CÓDIGO DE LENGUA |
| Código de lengua del texto/banda sonora o título independiente |
-+spa |
| 043 ## - CÓDIGO DE ÁREA GEOGRÁFICA |
| Código de área geográfica |
s-ck--- |
| 082 04 - NÚMERO DE LA CLASIFICACIÓN DECIMAL DEWEY |
| Número de clasificación |
928.61 |
| Número de documento/Ítem |
G11 |
| Número de edición |
21 |
| 245 10 - MENCIÓN DE TÍTULO |
| Título |
Gabo (1927 - 2014) / |
| Mención de responsabilidad, etc. |
editor general Alejandro Santos Rubino. |
| 260 ## - PUBLICACIÓN, DISTRIBUCIÓN, ETC. |
| Lugar de publicación, distribución, etc. |
Bogotá : |
| Nombre del editor, distribuidor, etc. |
Semana, |
| Fecha de publicación, distribución, etc. |
2015. |
| 300 ## - DESCRIPCIÓN FÍSICA |
| Extensión |
161 p. |
| 500 ## - NOTA GENERAL |
| Nota general |
Incluye epílogo |
| 600 14 - PUNTO DE ACCESO ADICIONAL DE MATERIA--NOMBRE DE PERSONA |
| Nombre de persona |
García Márquez, Gabriel |
| Fechas asociadas al nombre |
1927-2014 |
| Subdivisión general |
Homenajes póstumos |
| 600 24 - PUNTO DE ACCESO ADICIONAL DE MATERIA--NOMBRE DE PERSONA |
| Nombre de persona |
García Márquez, Gabriel |
| Fechas asociadas al nombre |
1927-2014 |
| Subdivisión general |
Crítica e interpretación |
| 650 14 - PUNTO DE ACCESO ADICIONAL DE MATERIA--TÉRMINO DE MATERIA |
| Término de materia o nombre geográfico como elemento de entrada |
Literatura colombiana |
| Subdivisión general |
Historia y crítica |
| Subdivisión cronológica |
Siglo XX |
| 650 24 - PUNTO DE ACCESO ADICIONAL DE MATERIA--TÉRMINO DE MATERIA |
| Término de materia o nombre geográfico como elemento de entrada |
Autores colombianos |
| Subdivisión cronológica |
Siglo XX |
| Subdivisión de forma |
Biografías |
| 700 1# - PUNTO DE ACCESO ADICIONAL--NOMBRE DE PERSONA |
| Nombre de persona |
Santos Rubino, Alejandro. |
| Término indicativo de función/relación |
Editor. |